NLSUI OPAC header image

Report of the working group for revalidating the potential of fishery resources in the Indian EEZ (Record no. 36442)

MARC details
000 -LEADER
fixed length control field 00511nam a2200157Ia 4500
008 - FIXED-LENGTH DATA ELEMENTS--GENERAL INFORMATION
fixed length control field 160316s2011 xxu||||| |||| 00| 0 eng d
082 ## - DEWEY DECIMAL CLASSIFICATION NUMBER
Classification number 341.450000
Item number DEP
100 ## - MAIN ENTRY--PERSONAL NAME
Personal name
245 ## - TITLE STATEMENT
Title Report of the working group for revalidating the potential of fishery resources in the Indian EEZ
250 ## - EDITION STATEMENT
Edition statement
260 ## - PUBLICATION, DISTRIBUTION, ETC.
Place of publication, distribution, etc. New Delhi
Name of publisher, distributor, etc. Dept. of Animal Husbandry
Date of publication, distribution, etc. 2011
300 ## - PHYSICAL DESCRIPTION
Extent 69
Other physical details
Dimensions
365 ## - TRADE PRICE
Price amount
650 ## - SUBJECT ADDED ENTRY--TOPICAL TERM
Topical term or geographic name entry element 1. Fishery resources<br/>2. Exclusive Economic Zone<br/>3. Methodology<br/>4. Result - discussion
700 ## - ADDED ENTRY--PERSONAL NAME
Personal name
--
Holdings
Withdrawn status Lost status Damaged status Not for loan Home library Current library Shelving location Date acquired Total Checkouts Full call number Barcode Date last seen Price effective from Koha item type
        . .   30.05.2017   341.45 DEP REP12188 30.05.2017 30.05.2017 Repository